Welcome to the Holygrace Academy Library

Please use search bar below to get started

THE BABY BORN IN A STABLE (Record no. 8834)

MARC details
000 -LEADER
fixed length control field 00263nam a22001097a 4500
082 ## - DEWEY DECIMAL CLASSIFICATION NUMBER
Classification number 823
100 ## - MAIN ENTRY--AUTHOR NAME
Personal name KRAMER, JANIE
245 ## - TITLE STATEMENT
Title THE BABY BORN IN A STABLE
246 ## - VARYING FORM OF TITLE
Title proper/short title THE BABY BORN IN A STABLE
Remainder of title THE BABY BORN IN A STABLE
650 ## - SUBJECT ADDED ENTRY--TOPICAL TERM
Topical Term ENGLISH STORY
942 ## - ADDED ENTRY ELEMENTS (KOHA)
Koha item type Books
Holdings
Withdrawn status Lost status Collection code Home library Current library Date acquired Full call number Accession Number Koha item type
  Lost Fiction Main Library Main Library 05/08/2024 823 00698 Books